<?xml version="1.0" encoding="UTF-8"?>
<marc:record xmlns:marc="http://www.loc.gov/MARC21/slim">
   <marc:leader>00000nam a2200000 a 4500</marc:leader>
   <marc:datafield ind1="1" ind2=" " tag="100">
      <marc:subfield code="a">Schöberl, Rotraud</marc:subfield>
      <marc:subfield code="4">aut</marc:subfield>
      <marc:subfield code="e">Verfasser/-in</marc:subfield>
   </marc:datafield>
   <marc:datafield ind1="1" ind2=" " tag="100">
      <marc:subfield code="a">Zeckau, Hanna</marc:subfield>
   </marc:datafield>
   <marc:datafield ind1=" " ind2=" " tag="653">
      <marc:subfield code="a">Bettina Balaka</marc:subfield>
   </marc:datafield>
   <marc:datafield ind1=" " ind2=" " tag="653">
      <marc:subfield code="a">Agatha Christie</marc:subfield>
   </marc:datafield>
   <marc:datafield ind1=" " ind2=" " tag="653">
      <marc:subfield code="a">Alex Beer</marc:subfield>
   </marc:datafield>
   <marc:datafield ind1=" " ind2=" " tag="653">
      <marc:subfield code="a">Eva Rossmann</marc:subfield>
   </marc:datafield>
   <marc:datafield ind1="0" ind2="0" tag="245">
      <marc:subfield code="a">Radieschen von unten</marc:subfield>
   </marc:datafield>
   <marc:datafield ind1="0" ind2="0" tag="245">
      <marc:subfield code="b">kriminell gute Gartenmorde</marc:subfield>
   </marc:datafield>
   <marc:datafield ind1="0" ind2="0" tag="245">
      <marc:subfield code="c">Rotraud Schöberl. Hanna Zeckau</marc:subfield>
   </marc:datafield>
   <marc:datafield ind1=" " ind2="1" tag="264">
      <marc:subfield code="a">Salzburg</marc:subfield>
      <marc:subfield code="b">Residenz-Verl.</marc:subfield>
      <marc:subfield code="c">2022</marc:subfield>
   </marc:datafield>
   <marc:datafield ind1="1" ind2=" " tag="520">
      <marc:subfield code="a">Rotraut Schöberl, engagierte Buchfrau und begeisterte Gärtnerin, verbindet ihre Leidenschaften gerne miteinander. Zwischen dem Schneiden ihrer Rosen, dem Gärtnereibesuch und dem genüsslichen Beobachten ihrer Pflanzen wird ihr klar: Ein Garten ist eigentlich der ideale Ort für einen Mord - und zahlreiche gartenaffine Autor*innen wie Alex Beer, Agatha Christie, Ann Granger, Tatjana Kruse, Thomas Raab, Eva Rossmann, sehen das genauso. Man muss ja nicht die bekannten Giftpflanzen verwenden, denn wer mordet heute noch mit Stechapfel oder Tollkirsche? Und auch der Gärtner ist heutzutage selten der Mörder - oder doch? Aber einen Tipp hat Rotraut Schöberl in "Radieschen von unten": Wenn ihr eine Leiche zu verscharren habt, pflanzt geschützte Pflanzen darauf, dann darf dort niemand mehr graben.

Im Grünen morden Bettina Balàka, Alex Beer, Agatha Christie, Ann Granger, Severin Groebner, Margarita Kinstner, Ralf Kramp, Tatjana Kruse, -ky, Martina Parker, Theresa Prammer, Thomas Raab, Erwin Riedesser, Eva Rossmann, Clementine Skorpil, Gabriele Wolff, Peter Zirbs.

Rotraut Schöberl, ist in Reichenau/Rax geboren, hat im Höllental schwimmen und in Wien schreiben und lesen gelernt. 1994 eröffneten Rotraut Schöberl und Erwin Riedesser das "Leporello", um ihren Traum von einer Buchhandlung zu verwirklichen. Seit vielen Jahren steht sie dienstags sehr fru¨h auf, um im Fru¨hstu¨ckfernsehen die Menschen mit Bu¨chertipps zum Lesen zu animieren. Im Residenz Verlag hat sie zuletzt "Mord auf leisen Pfoten. Kriminell gute Katzengeschichten" (2020) und "Radieschen von unten. Kriminell gute Gartenmorde" (2022) herausgegeben..</marc:subfield>
   </marc:datafield>
   <marc:datafield ind1="3" ind2=" " tag="024">
      <marc:subfield code="a">9783701717545</marc:subfield>
   </marc:datafield>
   <marc:datafield ind1=" " ind2=" " tag="041">
      <marc:subfield code="a">ger</marc:subfield>
   </marc:datafield>
   <marc:datafield ind1=" " ind2=" " tag="300">
      <marc:subfield code="a">219</marc:subfield>
   </marc:datafield>
</marc:record>
